| 000 | 01128cam a2200349 i 4500 | ||
|---|---|---|---|
| 001 | 16847294 | ||
| 003 | EG-ScBUE | ||
| 005 | 20260104102604.0 | ||
| 008 | 110628t2012 flua frb 001 0 eng d | ||
| 020 | _a9781439860762 | ||
| 040 |
_aDLC _beng _erda _dEG-ScBUE _cDLC _dDLC |
||
| 082 | 0 | 4 |
_a547 _222 _bINT |
| 130 | 0 |
_aTian ran chan wu hua xue. _lEnglish |
|
| 245 | 1 | 0 |
_aIntroduction to natural products chemistry / _cedited by Rensheng Xu, Yang Ye, Weimin Zhao. |
| 264 | 1 |
_aBoca Raton, FL : _bCRC Press, _c[2012] |
|
| 264 | 4 | _cc2012 | |
| 300 |
_axviii, 363 pages : _billustrations ; _c26 cm |
||
| 336 |
_2rdacontent _atext _btxt |
||
| 337 |
_aunmediated _2rdamedia _bn |
||
| 338 |
_avolume _bnc _2rdacarrier |
||
| 504 | _aIncludes bibliographical references and index. | ||
| 650 | 7 |
_aNatural products _xAnalysis. _2BUEsh |
|
| 650 | 7 |
_aBiochemistry. _2BUEsh _918368 |
|
| 651 | _2BUEsh | ||
| 653 |
_bPPhrm _cMarch2016 |
||
| 653 | _cNovember2016 | ||
| 655 | _vReading book | ||
| 700 | 1 |
_aXu, Rensheng, _d1931- _eeditor. |
|
| 700 | 1 |
_aYe, Yang, _d1965- _eeditor. |
|
| 700 | 1 |
_aZhao, Weimin, _d1966- _eeditor. |
|
| 942 |
_2ddc _cBB |
||
| 999 |
_c21411 _d21383 |
||